MARC details
| 000 -LEADER |
| fixed length control field |
01472cab a22004455a 4500 |
| 001 - CONTROL NUMBER |
| control field |
L154550 |
| 008 - FIXED-LENGTH DATA ELEMENTS--GENERAL INFORMATION |
| fixed length control field |
111220e20111117xxk 000 0 eng d |
| 035 ## - SYSTEM CONTROL NUMBER |
| System control number |
(Sirsi) u154550 |
| 041 0# - LANGUAGE CODE |
| Language code of text/sound track or separate title |
eng |
| 100 1# - MAIN ENTRY--PERSONAL NAME |
| Personal name |
Murdoch, Sandi |
| 245 00 - TITLE STATEMENT |
| Title |
Christmas goodies |
| 260 ## - PUBLICATION, DISTRIBUTION, ETC. |
| Date of publication, distribution, etc. |
2011 |
| 490 ## - SERIES STATEMENT |
| Series statement |
Estates Gazette |
| Volume/sequential designation |
(1150) 17 December 2011, 52-54(3) |
| 520 ## - SUMMARY, ETC. |
| Summary, etc. |
Legal round up of key 2011 decisions. |
| 590 ## - LOCAL NOTE (RLIN) |
| Local note |
KA |
| 650 24 - SUBJECT ADDED ENTRY--TOPICAL TERM |
| Topical term or geographic name entry element |
BRENT LBC v SHULEM B ASSOCIATION LTD |
| 650 24 - SUBJECT ADDED ENTRY--TOPICAL TERM |
| Topical term or geographic name entry element |
CALLADINE-SMITH V SAVEORDER LTD |
| 650 24 - SUBJECT ADDED ENTRY--TOPICAL TERM |
| Topical term or geographic name entry element |
CAPITAL HOME LOANS LTD V COUNTRYWIDE SURVEYORS LTD |
| 650 24 - SUBJECT ADDED ENTRY--TOPICAL TERM |
| Topical term or geographic name entry element |
DAEJAN INVESTMENTS LTD V BENSON |
| 650 24 - SUBJECT ADDED ENTRY--TOPICAL TERM |
| Topical term or geographic name entry element |
GRAND V GILL |
| 650 24 - SUBJECT ADDED ENTRY--TOPICAL TERM |
| Topical term or geographic name entry element |
JONES V KANEY |
| 650 24 - SUBJECT ADDED ENTRY--TOPICAL TERM |
| Topical term or geographic name entry element |
HASHEMI V GLADEHURST LTD |
| 650 24 - SUBJECT ADDED ENTRY--TOPICAL TERM |
| Topical term or geographic name entry element |
K/S VICTORIA STREET V HOUSE OF FRASER (STORES MANAGEMENT) LTD |
| 650 24 - SUBJECT ADDED ENTRY--TOPICAL TERM |
| Topical term or geographic name entry element |
MCHALE V CADOGAN |
| 650 24 - SUBJECT ADDED ENTRY--TOPICAL TERM |
| Topical term or geographic name entry element |
MOSKOVITZ V 75 WORPOLE ROAD RTM CO LTD |
| 650 24 - SUBJECT ADDED ENTRY--TOPICAL TERM |
| Topical term or geographic name entry element |
PANAGOPOULOS V EARL CADOGAN |
| 650 24 - SUBJECT ADDED ENTRY--TOPICAL TERM |
| Topical term or geographic name entry element |
PLEDREAM PROPERTIES LTD V 5 FELIX AVENUELONDON LTD |
| 650 24 - SUBJECT ADDED ENTRY--TOPICAL TERM |
| Topical term or geographic name entry element |
MURPHY (VO) V COURTNEY PLC |
| 650 24 - SUBJECT ADDED ENTRY--TOPICAL TERM |
| Topical term or geographic name entry element |
POTTS v DENSLEY AND ANOR |
| 650 24 - SUBJECT ADDED ENTRY--TOPICAL TERM |
| Topical term or geographic name entry element |
REDROW HOMES (MIDLANDS) LTD V HOTHI |
| 650 24 - SUBJECT ADDED ENTRY--TOPICAL TERM |
| Topical term or geographic name entry element |
ROBINSON V PE JONES (CONTRACTORS) LTD |
| 650 24 - SUBJECT ADDED ENTRY--TOPICAL TERM |
| Topical term or geographic name entry element |
SCULLION V BANK OF SCOTLAND PLC (T/A COLLEYS) |
| 650 24 - SUBJECT ADDED ENTRY--TOPICAL TERM |
| Topical term or geographic name entry element |
SEEFF V DINH NAM HO |
| 650 24 - SUBJECT ADDED ENTRY--TOPICAL TERM |
| Topical term or geographic name entry element |
TINGDENE HOLIDAY PARKS LTD V COX |
| 651 #4 - SUBJECT ADDED ENTRY--GEOGRAPHIC NAME |
| Geographic name |
UNITED KINGDOM |
| 690 ## - LOCAL SUBJECT ADDED ENTRY--TOPICAL TERM (OCLC, RLIN) |
| Topical term or geographic name as entry element |
PROPERTY |
| 700 1# - ADDED ENTRY--PERSONAL NAME |
| Personal name |
Murdoch, John |
| 700 1# - ADDED ENTRY--PERSONAL NAME |
| Personal name |
Driscoll, James |
| 942 ## - ADDED ENTRY ELEMENTS (KOHA) |
| Suppress in OPAC |
0 |